000 00258nam a22001097a 4500
008 240711b |||||||| |||| 00| 0 eng d
100 _aPunjwani, Ram
_916883
245 _aYad Kanda
260 _aBombay:
_bBharat Jivan;
_c1968.
300 _a128p.
942 _cBK
999 _c40031
_d40031